00383nam a2200109Ia 4500008004100000082000800041100001900049245008700068942000600155952009700161999001500258240331s9999 xx 000 0 und d bVIO aMcCamant, J.F. 0aViolence and repression in Latin America :bA Quantitative and Historical Analysis cL 001040708LaWERCLbWERCLcSSCd2024-03-31l0o 303.6 VIOp1314r2024-03-31w2024-03-31yL c1327d1327